书目信息 |
| 题名: |
穴位急救一本通
|
|
| 作者: | 臧俊岐 编著 | |
| 分册: | ||
| 出版信息: | 哈尔滨 黑龙江科学技术出版社 2016 |
|
| 页数: | 160页 | |
| 开本: | 24cm | |
| 丛书名: | 家庭应急术 | |
| 单 册: | ||
| 中图分类: | R245.9 | |
| 科图分类: | ||
| 主题词: | 穴位按压疗法--xue wei an ya liao fa | |
| 电子资源: | ||
| ISBN: | 978-7-5388-8879-9 | |
| 000 | 01036nam 2200265 450 | |
| 001 | 1662868484 | |
| 005 | 20160908103310.8 | |
| 010 | @a978-7-5388-8879-9@dCNY29.80 | |
| 100 | @a20160908d2016 em y0chiy50 ea | |
| 101 | 0 | @achi |
| 102 | @aCN@b230000 | |
| 105 | @aak z 000yy | |
| 106 | @ar | |
| 200 | 1 | @a穴位急救一本通@Axue wei ji jiu yi ben tong@f臧俊岐编著 |
| 210 | @a哈尔滨@c黑龙江科学技术出版社@d2016 | |
| 215 | @a160页@c彩图@d24cm | |
| 225 | 2 | @a家庭应急术@Ajia ting ying ji shu@v3 |
| 314 | @a臧俊岐, 主任中医师, 著名针灸、中医药保健养生专家。业医50年, 医术精湛, 乃我国中医界“温和派”代表人物。 | |
| 330 | @a本书主要内容包括: 人体神奇的急救百宝箱 —— 经络穴位 ; 唤醒随行御医 —— 急救穴位立显疗效 ; 穴位急救, 危重急症不再是威胁 ; 颈肩腰腿痛不用愁, 穴位急救显神通 ; 内科问题不容小觑, 穴位急救保健康等。 | |
| 410 | 0 | @12001 @a家庭应急术@v3 |
| 606 | 0 | @a穴位按压疗法@Axue wei an ya liao fa |
| 690 | @aR245.9@v5 | |
| 701 | 0 | @a臧俊岐@Azang jun qi@4编著 |
| 801 | 0 | @aCN@b人天书店@c20160908 |
| 905 | @aBZT@dR245.9@e11 | |
| 穴位急救一本通/臧俊岐编著.-哈尔滨:黑龙江科学技术出版社,2016 |
| 160页:彩图;24cm.-(家庭应急术;3) |
| ISBN 978-7-5388-8879-9:CNY29.80 |
| 本书主要内容包括: 人体神奇的急救百宝箱 —— 经络穴位 ; 唤醒随行御医 —— 急救穴位立显疗效 ; 穴位急救, 危重急症不再是威胁 ; 颈肩腰腿痛不用愁, 穴位急救显神通 ; 内科问题不容小觑, 穴位急救保健康等。 |
| ● |
| 相关链接 |
|
|
|
正题名:穴位急救一本通
索取号:R245.9/11
 
预约/预借
| 序号 | 登录号 | 条形码 | 馆藏地/架位号 | 状态 | 备注 |
| 1 | 820596 | 2000820596 | 第二书库/ [索取号:R245.9/11] | 在馆 | |
| 2 | 820597 | 2000820597 | 第二书库/ [索取号:R245.9/11] | 在馆 | |
| 3 | 820598 | 2000820598 | 第二书库/ [索取号:R245.9/11] | 在馆 |